[Event "Muensterland Verbandsliga 0607"]
[Site "Germany"]
[Date "2007.04.14"]
[Round "8.1"]
[White "Hegemann, Eike"]
[Black "Emiroglu, Murat"]
[Result "1-0"]
[WhiteElo "2123"]
[BlackElo "2226"]
[PlyCount "57"]
[EventDate "2006.09.16"]
[EventType "team"]
[EventRounds "9"]
[EventCountry "GER"]
[SourceTitle "EXT 2008"]
[Source "ChessBase"]
[SourceDate "2007.11.25"]
[SourceVersion "1"]
[SourceVersionDate "2007.11.25"]
[SourceQuality "1"]
[WhiteTeam "Saerbeck"]
[BlackTeam "Westbevern"]
[WhiteTeamCountry "GER"]
[BlackTeamCountry "GER"]

1. e4 c5 2. Nf3 d6 3. Bb5+ Bd7 4. Bxd7+ Qxd7 5. 0-0 Nc6 6. c3 Nf6 7. d4 cxd4 8. cxd4 d5 9. e5 Ne4 10. Ne1 h6 11. Be3 e6 12. f3 Ng5 13. Nc3 Bb4 14. Nd3 Bxc3 15. Nc5 Bxd4 16. Nxd7 Bxe3+ 17. Kh1 Kxd7 18. h4 Nh7 19. Qb3 Bb6 20. a4 Kc7 21. Rfc1 a5 22. Qa3 Kb8 23. Qd6+ Bc7 24. Qd7 Bxe5 25. Rxc6 bxc6 26. Ra3 Bd6 27. Qxd6+ Ka7 28. Qc7+ Ka6 29. Rb3 1-0

[Event "Muensterland Verbandsliga 0506"]
[Site "Germany"]
[Date "2006.03.11"]
[Round "8.1"]
[White "Emiroglu, Murat"]
[Black "Korb, Andreas"]
[Result "1-0"]
[WhiteElo "2226"]
[BlackElo "2032"]
[PlyCount "125"]
[EventDate "2005.08.27"]
[EventType "team"]
[EventRounds "9"]
[EventCountry "GER"]
[SourceTitle "EXT 2006"]
[Source "ChessBase"]
[SourceDate "2005.11.24"]
[SourceVersion "1"]
[SourceVersionDate "2005.11.24"]
[SourceQuality "1"]
[WhiteTeam "Westbevern"]
[BlackTeam "Telgte"]
[WhiteTeamCountry "GER"]
[BlackTeamCountry "GER"]

1. e4 Nc6 2. Nf3 f5 3. exf5 d5 4. Bb5 Bxf5 5. 0-0 Qd6 6. Re1 0-0-0 7. d4 Bg4 8. c3 Qf6 9. Nbd2 a6 10. Be2 e6 11. b4 Bd6 12. a4 Nb8 13. Nb3 Bxf3 14. Bxf3 Nh6 15. Nc5 Bxc5 16. bxc5 Nf5 17. Rb1 Nc6 18. Qb3 Kd7 19. Rb2 Rb8 20. Rbe2 Ncxd4 21. cxd4 Nxd4 22. Qd3 Nxe2+ 23. Qxe2 Rhf8 24. Bb2 Qf7 25. Be5 g6 26. Bg3 h5 27. Qe5 Rbc8 28. Qb2 Rb8 29. a5 Qf6 30. Qe2 Rf7 31. h3 Rff8 32. h4 Rfe8 33. Qd1 Re7 34. Qa4+ Kc8 35. c6 Qc3 36. cxb7+ Rxb7 37. Rd1 Rb4 38. Qa2 Rb2 39. Qa1 Rb3 40. Qa2 Rb2 41. Qa1 Rb3 42. Be2 Qxa1 43. Bxa6+ Kd7 44. Rxa1 e5 45. Be2 Re8 46. a6 Kd6 47. a7 Ra8 48. Ra6+ c6 49. Kh2 Rb4 50. f3 Rb7 51. f4 exf4 52. Bxf4+ Kc5 53. Ra4 Re7 54. Bd3 Raxa7 55. Rxa7 Rxa7 56. Bxg6 Rg7 57. Bxh5 Rh7 58. g4 d4 59. Kg3 Kc4 60. Bg6 Re7 61. h5 d3 62. h6 Kc3 63. h7 1-0

[Event "Muensterland Verbandsliga 0506"]
[Site "Germany"]
[Date "2005.09.17"]
[Round "2.1"]
[White "Hegemann, Eike"]
[Black "Emiroglu, Murat"]
[Result "1-0"]
[WhiteElo "2119"]
[BlackElo "2226"]
[PlyCount "79"]
[EventDate "2005.08.27"]
[EventType "team"]
[EventRounds "9"]
[EventCountry "GER"]
[SourceTitle "EXT 2006"]
[Source "ChessBase"]
[SourceDate "2005.11.24"]
[SourceVersion "1"]
[SourceVersionDate "2005.11.24"]
[SourceQuality "1"]
[WhiteTeam "Saerbeck"]
[BlackTeam "Westbevern"]
[WhiteTeamCountry "GER"]
[BlackTeamCountry "GER"]

1. e4 c5 2. Nf3 d6 3. Bb5+ Bd7 4. Bxd7+ Nxd7 5. 0-0 Ngf6 6. d3 g6 7. Ng5 h6 8. Nh3 Bg7 9. f4 Qc7 10. c3 c4 11. Nf2 cxd3 12. Qxd3 0-0 13. Nd2 Rac8 14. Nf3 Qc4 15. Qc2 b5 16. Be3 a5 17. Rfd1 Rfd8 18. Rd4 Qc7 19. Rad1 Nf8 20. Qe2 Ne6 21. R4d2 Qc4 22. Qxc4 Rxc4 23. e5 Ne8 24. g3 Rdc8 25. Bb6 Ra8 26. Rd5 N8c7 27. R5d3 d5 28. Nd4 b4 29. Nxe6 Nxe6 30. Rxd5 bxc3 31. bxc3 a4 32. Ba5 g5 33. f5 Nc5 34. Bb4 Rc8 35. Rd8+ Rxd8 36. Rxd8+ Bf8 37. Rc8 e6 38. Nd3 Nxd3 39. Rxc4 Nxe5 40. Rc8 1-0

[Event "Muensterland op 22nd"]
[Site "Senden"]
[Date "2004.10.23"]
[Round "2"]
[White "Hedke, Fred"]
[Black "Emiroglu, Murat"]
[Result "0-1"]
[WhiteElo "2348"]
[BlackElo "2089"]
[PlyCount "110"]
[EventDate "2004.10.22"]
[EventType "swiss"]
[EventRounds "9"]
[EventCountry "GER"]
[SourceTitle "EXT 2006"]
[Source "ChessBase"]
[SourceDate "2005.11.24"]
[SourceVersion "1"]
[SourceVersionDate "2005.11.24"]
[SourceQuality "1"]

1. e4 c5 2. d4 cxd4 3. c3 d3 4. Bxd3 d6 5. h3 Nc6 6. Nf3 g6 7. 0-0 Bg7 8. Qe2 Nf6 9. Rd1 Qc7 10. Na3 0-0 11. Bf4 Nh5 12. Be3 Ne5 13. Bc2 Nxf3+ 14. Qxf3 a6 15. Rd2 Be6 16. Bb3 Bxb3 17. axb3 b5 18. Qe2 Qb7 19. Qd3 b4 20. cxb4 Qxb4 21. Nc4 Rfb8 22. Ra3 a5 23. g4 Nf6 24. Bd4 Qb5 25. Bc3 a4 26. e5 dxe5 27. Bxe5 Rc8 28. Qf3 Ra6 29. Bc3 axb3 30. Rxa6 Qxa6 31. Ne5 Qa8 32. Qxa8 Rxa8 33. Nc6 e6 34. Rd3 h5 35. g5 Ne4 36. Bxg7 Kxg7 37. h4 Rc8 38. Ne5 Rc5 39. Nf3 Rc1+ 40. Kg2 Rc2 41. Rxb3 Rxf2+ 42. Kg1 Re2 43. Rb8 Nd6 44. b4 Nf5 45. b5 Re4 46. b6 Nxh4 47. Nd2 Rb4 48. b7 Nf5 49. Ne4 Rxe4 50. Rd8 Rb4 51. b8Q Rxb8 52. Rxb8 Nd6 53. Kg2 f6 54. Rb6 Nf7 55. gxf6+ Kxf6 0-1

[Event "NRW Class1 0304"]
[Site "Germany"]
[Date "2003.12.07"]
[Round "4.5"]
[White "Mertens, Heiko"]
[Black "Emiroglu, Murat"]
[Result "1/2-1/2"]
[WhiteElo "2293"]
[BlackElo "2065"]
[PlyCount "52"]
[EventDate "2003.09.28"]
[EventType "team"]
[EventRounds "9"]
[EventCountry "GER"]
[SourceTitle "CBM 098 Extra"]
[Source "ChessBase"]
[SourceDate "2004.03.10"]
[SourceVersion "2"]
[SourceVersionDate "2004.03.10"]
[SourceQuality "1"]
[WhiteTeam "Godesberg II"]
[BlackTeam "Westbevern"]
[WhiteTeamCountry "GER"]
[BlackTeamCountry "GER"]

1. e4 c5 2. Nf3 Nc6 3. d4 cxd4 4. Nxd4 Nf6 5. Nc3 g6 6. Nxc6 bxc6 7. e5 Nh5 8. Be2 Ng7 9. 0-0 Qc7 10. f4 Nf5 11. Kh1 Bb7 12. Bd3 h5 13. Qe2 h4 14. Ne4 Qb6 15. Ng5 c5 16. Be4 Bh6 17. Bxb7 Qxb7 18. Qe4 Rb8 19. Qxb7 Rxb7 20. Ne4 Rc7 21. Bd2 Bg7 22. Rae1 0-0 23. g4 hxg3 24. Nxg3 d5 25. exd6 Nxd6 26. Ba5 Rc6 1/2-1/2

[Event "NRW Class1 0304"]
[Site "Germany"]
[Date "2003.11.09"]
[Round "3.5"]
[White "Emiroglu, Murat"]
[Black "Peters, Ortwin"]
[Result "1-0"]
[WhiteElo "2065"]
[BlackElo "2145"]
[PlyCount "149"]
[EventDate "2003.09.28"]
[EventType "team"]
[EventRounds "9"]
[EventCountry "GER"]
[SourceTitle "CBM 098 Extra"]
[Source "ChessBase"]
[SourceDate "2004.03.10"]
[SourceVersion "2"]
[SourceVersionDate "2004.03.10"]
[SourceQuality "1"]
[WhiteTeam "Westbevern"]
[BlackTeam "Solingen III"]
[WhiteTeamCountry "GER"]
[BlackTeamCountry "GER"]

1. e4 Nf6 2. e5 Nd5 3. d4 d6 4. exd6 cxd6 5. Bd3 g6 6. Nf3 Bg7 7. 0-0 0-0 8. Na3 Nc6 9. c3 a6 10. Re1 Nf6 11. Bg5 h6 12. Bd2 b5 13. Nc2 Bb7 14. a4 Qb6 15. axb5 axb5 16. Qe2 Ba6 17. Ra2 e6 18. Rea1 d5 19. Bxg6 fxg6 20. Qxe6+ Kh7 21. Nb4 Bb7 22. Rxa8 Rxa8 23. Rxa8 Bxa8 24. Ne5 Qa5 25. Nexc6 Bxc6 26. Nxc6 Qa1+ 27. Qe1 Qxb2 28. f3 Qc2 29. Qc1 Qd3 30. Ne5 Qf5 31. Qf1 Qc2 32. Qd3 Qxd3 33. Nxd3 Nd7 34. Nb4 Nb6 35. Bf4 Na4 36. Bd2 Nb6 37. Kf2 Bf8 38. Nd3 Nc4 39. Ke2 Bd6 40. Bf4 Bxf4 41. Nxf4 Nb6 42. Ne6 Na8 43. Ke3 g5 44. f4 Kg6 45. g4 Kf6 46. f5 Ke7 47. Kf3 Kd6 48. Nd8 Ke7 49. Nc6+ Kf6 50. Kg3 Nb6 51. Nb4 Ke7 52. h4 Kf6 53. hxg5+ hxg5 54. Kf3 Na4 55. Na2 Nb6 56. Nc1 Nc4 57. Ke2 Ke7 58. Nd3 Kf6 59. Nb4 Nb6 60. Na6 Na8 61. Kd3 Ke7 62. Kc2 Kd6 63. Nc5 Nb6 64. Ne6 Nc4 65. Kd3 Nb2+ 66. Ke2 Na4 67. Kd2 Nb6 68. Nxg5 Nc4+ 69. Ke2 Ke7 70. Ne6 Kf6 71. Kf3 Nd2+ 72. Kf4 Ne4 73. g5+ Kf7 74. Ke5 Nxc3 75. g6+ 1-0

[Event "NRW Class1 0304"]
[Site "Germany"]
[Date "2003.10.12"]
[Round "2.5"]
[White "Cmiel, Thorsten"]
[Black "Emiroglu, Murat"]
[Result "1/2-1/2"]
[WhiteElo "2286"]
[BlackElo "2065"]
[PlyCount "111"]
[EventDate "2003.09.28"]
[EventType "team"]
[EventRounds "9"]
[EventCountry "GER"]
[SourceTitle "CBM 098 Extra"]
[Source "ChessBase"]
[SourceDate "2004.03.10"]
[SourceVersion "2"]
[SourceVersionDate "2004.03.10"]
[SourceQuality "1"]
[WhiteTeam "Krefeld"]
[BlackTeam "Westbevern"]
[WhiteTeamCountry "GER"]
[BlackTeamCountry "GER"]

1. Nf3 c5 2. c4 g6 3. g3 Bg7 4. Bg2 Nc6 5. 0-0 Nh6 6. Nc3 Nf5 7. d3 0-0 8. Bd2 Rb8 9. Rb1 a6 10. Ne4 d6 11. Ne1 Bd7 12. a3 b5 13. cxb5 axb5 14. b4 cxb4 15. axb4 Ra8 16. Nc3 Qb8 17. Nc2 Rc8 18. e3 Ra7 19. d4 e5 20. d5 Nd8 21. e4 Ne7 22. Re1 f5 23. f3 Nf7 24. Rb3 Rac7 25. Na3 fxe4 26. fxe4 Bh6 27. Bf1 Qb6+ 28. Kh1 Bg4 29. Be2 Bxe2 30. Qxe2 Bxd2 31. Qxd2 Qd4 32. Qxd4 exd4 33. Ncxb5 Rc1 34. Rb1 Rxe1+ 35. Rxe1 Ne5 36. Nxd4 Rc3 37. Nac2 Nd3 38. Re2 Rc4 39. b5 Nc8 40. Kg1 Nb6 41. Ne6 Nd7 42. Ncd4 N7e5 43. Ra2 h5 44. Ra1 Rb4 45. Rf1 Ng4 46. Rf8+ Kh7 47. Ng5+ Kh6 48. Nde6 Rb1+ 49. Rf1 Rb2 50. Nf7+ Kh7 51. Neg5+ Kg8 52. Nxd6 Ne3 53. Ne6 Rg2+ 54. Kh1 Nf2+ 55. Rxf2 Rxf2 56. h3 1/2-1/2

[Event "NRW Class1 0304"]
[Site "Germany"]
[Date "2003.09.28"]
[Round "1.5"]
[White "Emiroglu, Murat"]
[Black "Gassmann, Volker"]
[Result "1/2-1/2"]
[WhiteElo "2065"]
[BlackElo "2212"]
[PlyCount "73"]
[EventDate "2003.09.28"]
[EventType "team"]
[EventRounds "9"]
[EventCountry "GER"]
[SourceTitle "CBM 098 Extra"]
[Source "ChessBase"]
[SourceDate "2004.03.10"]
[SourceVersion "2"]
[SourceVersionDate "2004.03.10"]
[SourceQuality "1"]
[WhiteTeam "Westbevern"]
[BlackTeam "Katernberg II"]
[WhiteTeamCountry "GER"]
[BlackTeamCountry "GER"]

1. e4 Nf6 2. e5 Nd5 3. Bc4 Nb6 4. Bb3 d5 5. exd6 exd6 6. d4 Be7 7. Ne2 Nc6 8. c3 Bg4 9. 0-0 0-0 10. f3 Bd7 11. Nd2 d5 12. Re1 Re8 13. Nf1 Na5 14. Bc2 c5 15. Kh1 Bb5 16. Bf4 Nc6 17. Nfg3 g6 18. a4 Bc4 19. b3 Bxe2 20. Nxe2 cxd4 21. Nxd4 Bf6 22. Rxe8+ Qxe8 23. a5 Nxd4 24. cxd4 Nc8 25. b4 Ne7 26. Ba4 Qf8 27. Bd6 Qd8 28. Bg3 Rc8 29. Bf2 Rc4 30. Rb1 Qd6 31. Qd2 Nf5 32. Bb5 Rc8 33. Bd3 Qd7 34. Bf1 Qa4 35. Bd3 Nd6 36. Re1 Qa3 37. Qf4 1/2-1/2

[Event "Muensterland Verbandsliga 0203"]
[Site "Muensterland"]
[Date "2003.04.26"]
[Round "9.5"]
[White "Diehlmann, Christian"]
[Black "Emiroglu, Murat"]
[Result "1/2-1/2"]
[WhiteElo "1923"]
[BlackElo "2043"]
[PlyCount "43"]
[EventDate "2002.09.21"]
[EventType "team"]
[EventRounds "9"]
[EventCountry "GER"]
[SourceTitle "EXT 2004"]
[Source "ChessBase"]
[SourceDate "2003.11.25"]
[SourceVersion "1"]
[SourceVersionDate "2003.11.25"]
[SourceQuality "1"]
[WhiteTeam "Ahaus Wessum"]
[BlackTeam "Westbevern"]
[WhiteTeamCountry "GER"]
[BlackTeamCountry "GER"]

1. d4 d5 2. c4 c6 3. Nc3 Nf6 4. e3 a6 5. b3 Bf5 6. Bd3 Bxd3 7. Qxd3 e6 8. Nf3 Nbd7 9. Bb2 b5 10. Nd2 Be7 11. 0-0 Qb6 12. c5 Qc7 13. f4 0-0 14. Rf3 Rad8 15. b4 Ng4 16. Rh3 f5 17. Nf3 Ndf6 18. Ne5 Nxe5 19. dxe5 Ne4 20. Nxe4 dxe4 21. Qb3 Qd7 22. Bd4 1/2-1/2

[Event "Muensterland Verbandsliga 0203"]
[Site "Muensterland"]
[Date "2003.03.29"]
[Round "8.5"]
[White "Emiroglu, Murat"]
[Black "Ehrlich, Hans Georg"]
[Result "1-0"]
[WhiteElo "2043"]
[BlackElo "1939"]
[PlyCount "157"]
[EventDate "2002.09.21"]
[EventType "team"]
[EventRounds "9"]
[EventCountry "GER"]
[SourceTitle "EXT 2004"]
[Source "ChessBase"]
[SourceDate "2003.11.25"]
[SourceVersion "1"]
[SourceVersionDate "2003.11.25"]
[SourceQuality "1"]
[WhiteTeam "Westbevern"]
[BlackTeam "Heiden"]
[WhiteTeamCountry "GER"]
[BlackTeamCountry "GER"]

1. e4 c6 2. d4 g6 3. Nf3 d5 4. Nbd2 Bg4 5. c3 Nd7 6. exd5 cxd5 7. Qb3 Ngf6 8. Qxb7 Bg7 9. Ne5 Nxe5 10. dxe5 Nd7 11. Qxd5 Bxe5 12. Bb5 Bg7 13. 0-0 0-0 14. Nb3 Qc7 15. Bg5 Nf6 16. Qc4 Qxc4 17. Bxc4 a5 18. h3 Bc8 19. Rfe1 a4 20. Nd4 e6 21. Rad1 Bb7 22. Nb5 Ra5 23. Bf1 Bc6 24. c4 Rc8 25. Bd2 Raa8 26. Nd6 Rcb8 27. Bc3 Nd7 28. Bxg7 Kxg7 29. Rd2 Nc5 30. g3 Ra6 31. Bg2 Kf8 32. Bxc6 Rxc6 33. Red1 Rb4 34. Rc2 Na6 35. a3 Rbb6 36. Nb5 Nc5 37. Rd8+ Ke7 38. Ra8 Nd7 39. Ra7 Rxb5 40. Rd2 Rxc4 41. Rdxd7+ Kf6 42. Rxf7+ Ke5 43. Rf4 Rc1+ 44. Kg2 Rxb2 45. Rxh7 Rcc2 46. Ra7 g5 47. Ra5+ Kd6 48. Rxg5 e5 49. Rf6+ Ke7 50. Rff5 Kd6 51. Rg6+ Kd5 52. Rg4 Ke6 53. Rf3 Re2 54. Rxa4 e4 55. Rf8 Ke7 56. Rf5 Ke6 57. g4 e3 58. Raf4 Ra2 59. a4 Re1 60. Kg3 e2 61. Re4+ Kd6 62. Rfe5 Ra3+ 63. Kg2 Ra2 64. a5 Kc7 65. g5 Kd6 66. g6 Raa1 67. Re6+ Kd7 68. Rxe2 Rg1+ 69. Kf3 Rxa5 70. Re7+ Kd8 71. Re8+ Kd7 72. R2e7+ Kd6 73. Re6+ Kd7 74. R8e7+ Kd8 75. Rf7 Ra3+ 76. Kf4 Ra4+ 77. Kf5 Ra5+ 78. Kf6 Rag5 79. Kg7 1-0